000 01874nam a2200253Ii 4500
008 221202s xx 000 0 und d
100 1 _aStallard, Avan Judd,
_eauthor
245 0 _aAntipodes
246 _aIn Search of the Southern Continent
264 1 _aClayton, Victoria, Australia
_bMonash University Publishing
_c2016
300 _a1 online resource
336 _atext
_btxt
_2rdacontent
337 _acomputer
_bc
_2rdamedia
338 _aonline resource
_bcr
_2rdacarrier
490 _aAustralian History
520 _aThis book is a new history of an ancient geography. It reassesses the evidence for why Europeans believed a massive southern continent existed, and why they advocated for its discovery. When ships were equal to ambitions, explorers set out to find and claim Terra Australis. Antipodes charts these voyages-voyages both through the imagination and across the High Seas-in pursuit of the mythical Terra Australis. In doing so, the question is asked: how could so many fail to see the realities they encountered? And how is it a mythical land held the gaze of an era famed for breaking free the shackles of superstition? That Terra Australis did not exist didn't stop explorers pursuing the continent, unwilling to abandon the promise of such a rich and magnificent land till it was stripped of every ounce of value it had ever promised. In the process, the southern continent-an imaginary land-became one of the shaping forces of early modern history. Includes 48 pages of b&w and colour images.
653 _aAncient Geography
653 _aAntipodes
653 _aGeographical Exploration
653 _aHistory
653 _aSouthern Exploration
856 _uhttps://docs.google.com/spreadsheets/d/1yKIrdCPDAG_9c22mwoOIO2DOhtj65Wqa/edit?usp=sharing&ouid=106555315294820607512&rtpof=true&sd=true
_yList of Curated E-Books
942 _cE-BOOK
999 _c91714
_d91711